000 00518nam a22001697a 4500
999 _c40641
_d40641
003 OSt
005 20210329123617.0
008 191016b ||||| |||| 00| 0 eng d
020 _a9789352832163
040 _coclc
082 _a153.43
_bAGG/M
100 _aAggarwal, R S
_96530
245 _aA Modern Approach To Verbal & Non-Verbal Reasoning /
_cR S Aggarwal
250 _aRevised Ed.
260 _aNew Delhi:
_bS Chand and Company,
_c2018.
942 _2ddc
_cBK
_h153.43
_iAGG/M
_k153.43
_mAGG/M